Statistika pro ekonomy
Guardado en:
| Autor principal: | |
|---|---|
| Autor Corporativo: | |
| Otros Autores: | , |
| Formato: | Libro |
| Lenguaje: | checo |
| Publicado: |
Praha
Professional Publishing
2006
|
| Edición: | 6. vyd. |
| Materias: | |
| Etiquetas: |
Sin Etiquetas, Sea el primero en etiquetar este registro!
|
MARC
| LEADER | 00000nam$a2200000$$$4500 | ||
|---|---|---|---|
| 001 | 0060031 | ||
| 005 | 20240313090446.1 | ||
| 020 | |a 80-86419-99-1 | ||
| 041 | 0 | |a cze | |
| 044 | |a CZ | ||
| 245 | 1 | 0 | |a Statistika pro ekonomy |c Richard Hindls, Stanislava Hronová, Jan Seger |
| 250 | |a 6. vyd. | ||
| 264 | 1 | |a Praha |b Professional Publishing |c 2006 | |
| 300 | |a 415 s. | ||
| 610 | 2 | 0 | |a štatistika |
| 610 | 2 | 0 | |a pravdepodobnosť |
| 610 | 2 | 0 | |a skúmanie štatistické |
| 610 | 2 | 0 | |a zisťovanie štatistické |
| 610 | 2 | 0 | |a hypotézy štatistické |
| 610 | 2 | 0 | |a analýza korelačná |
| 610 | 2 | 0 | |a analýza regresná |
| 610 | 2 | 0 | |a rady časové |
| 610 | 2 | 0 | |a porovnanie štatistické |
| 100 | 1 | |a Hindls, Richard | |
| 700 | 1 | |a Hronová, Stanislava | |
| 700 | 1 | |a Seger, Jan | |
| 710 | 2 | |a Vysoká škola ekonomická v Praze | |